[Event "Olympiad Women 2024"]
[Site "Budapest HUN"]
[Date "2024.09.21"]
[Round "10.10"]
[Board "2"]
[White "Houska, Jovanka"]
[Black "Yakubbaeva, Nilufar"]
[Result "1/2-1/2"]
[WhiteElo "2333"]
[BlackElo "2248"]
[PlyCount "104"]
[EventDate "2024.09.11"]
[WhiteTeam "England"]
[BlackTeam "Uzbekistan"]
[WhiteTeamCountry "ENG"]
[BlackTeamCountry "UZB"]

1. Nf3 d5 2. e3 Nf6 3. c4 e6 4. b3 Be7 5. Bb2 O-O 6. Nc3 dxc4 7. bxc4 b6 8. Qc2 Bb7 9. Be2 c5 10. Rg1 Nc6 11. a3 Rc8 ({RR} 11... Na5 12. d3 Ne8 13. g4 Nd6 14. g5 f5 15. h4 f4 16. e4 Nc6 17. Nb1 Nf7 18. g6 hxg6 19. Rxg6 e5 20. h5 Nh8 21. Rg1 Nf7 22. Nc3 Nd4 23. Qd1 b5 24. cxb5 a6 25. a4 axb5 26. Nxb5 {1-0 Zhao,Y (2477)-Li,Y (2409) CHN Team Men 2024 (4.3)}) 12. g4 Nd7 13. g5 Re8 $146 ({RR} 13... a6 14. Ne4 e5 15. h4 Kh8 16. h5 f5 17. gxf6 Nxf6 18. h6 g6 19. Nxe5 Qc7 20. Nxf6 Bxf6 21. Ng4 Bxb2 22. Qxb2+ Kg8 23. Nf6+ Rxf6 24. Qxf6 Rf8 25. Qc3 Ne5 26. f4 Nf3+ 27. Bxf3 Bxf3 28. Rg5 {1-0 Rozum,I (2499)-Grebnev,A (2477) Ugra Cup Rapid 2022 (10.9)}) 14. h4 e5 15. Nd5 Nf8 16. h5 b5 17. Nxe5 Nxe5 18. Bxe5 Bxd5 19. cxd5 Bxg5 20. Bxg7 Kxg7 21. f4 h6 22. fxg5 Qxd5 23. gxh6+ Kxh6 24. Bxb5 Qe5 25. Rc1 Re7 26. Be2 Qh2 27. Rf1 Qg3+ 28. Rf2 Re5 29. Qb1 Nh7 30. Qb7 Rf5 31. Qg2 Qh4 32. Qh2 Qxh2 33. Rxh2 Rd8 34. d3 Re5 35. Kd2 Ng5 36. Rh4 Ne4+ 37. Ke1 Ng3 38. Kf2 Nxe2 39. Kxe2 Rg8 40. Rh2 Rg3 41. e4 f5 42. Rc4 fxe4 43. Rxe4 Rxe4+ 44. dxe4 Rxa3 45. Rh4 Rg3 46. e5 Rg5 47. Re4 Kxh5 48. e6 Rg8 49. Kd3 Kg5 50. Kc4 Kf6 51. Kd5 Rd8+ 52. Kxc5 Ke7 1/2-1/2

[Event "Olympiad Women 2024"]
[Site "Budapest HUN"]
[Date "2024.09.21"]
[Round "10.10"]
[Board "3"]
[White "Omonova, Umida"]
[Black "Toma, Katarzyna"]
[Result "1-0"]
[WhiteElo "2032"]
[BlackElo "2184"]
[PlyCount "151"]
[EventDate "2024.09.11"]
[WhiteTeam "Uzbekistan"]
[BlackTeam "England"]
[WhiteTeamCountry "UZB"]
[BlackTeamCountry "ENG"]

1. e4 e5 2. Nf3 Nc6 3. Bc4 Nf6 4. d3 h6 5. O-O d6 6. c3 g6 7. Nbd2 Bg7 8. Re1 O-O 9. Nf1 Nh5 ({RR} 9... Na5 10. Bb5 a6 11. Ba4 b5 12. Bc2 c5 13. d4 cxd4 14. cxd4 exd4 15. Nxd4 Bb7 16. Ng3 Re8 17. a4 b4 18. b3 Rc8 19. Rb1 d5 20. e5 Ne4 21. e6 Bxd4 22. Qxd4 Rxc2 23. Bxh6 f6 24. f3 {½-½ So,W (2775)-Kamsky,G (2655) Titled Tuesday intern op 21st Jun Late blitz 2022 (10)}) ({RR} 9... Be6 10. Bb5 Nd7 11. d4 exd4 12. cxd4 d5 13. e5 a6 14. Bxc6 bxc6 15. b3 Re8 16. Ba3 a5 17. Rc1 Ra6 18. Ne3 h5 19. Rc3 a4 20. b4 Nf8 21. Bc1 a3 22. Rxa3 Rb6 23. Nc2 Nh7 24. Rc3 {0-1 Bolourchifard,F (2292)-Pranav,V (2545) Titled Tue 7th Mar Early 2023 (3)}) ({RR} 9... d5 10. exd5 Nxd5 11. Bb5 Nde7 12. Be3 a6 13. Ba4 b6 14. d4 e4 15. Ne5 Nxe5 16. dxe5 Bb7 17. Ng3 Kh7 18. Qg4 Qd5 19. Bb3 Qxe5 20. Bd4 Qg5 21. Qxg5 hxg5 22. Nxe4 Bxe4 23. Rxe4 Nf5 24. Bxg7 {½-½ Omonova,U (2114)-Zherebtsova,A (2207) Cheliabinsk Panchenko Memorial op-B 2021 (7)}) 10. b4 $146 ({RR} 10. h3 Kh8 11. d4 Qe8 12. dxe5 Nxe5 13. Nxe5 dxe5 14. Be3 Nf4 15. Qf3 Qc6 16. Bb3 Ne6 17. Rad1 f5 18. Bd5 Qe8 19. exf5 gxf5 20. Bxe6 Bxe6 21. Bc5 Rg8 22. Ng3 b6 23. Ba3 Qf7 24. Qh5 Qf6 {1-0 Mateus,M-Ramon Pita,V (2325) Pan American op (Women) 1998 (7)}) ({RR} 10. d4 Bd7 11. Bb3 Kh7 12. Bc2 Nf4 13. d5 Ne7 14. Bxf4 exf4 15. e5 dxe5 16. Nxe5 Bf5 17. Bxf5 Nxf5 18. Qd2 Bxe5 19. Rxe5 Qh4 20. Re4 g5 21. Qc2 Kg8 22. Rc4 Nd6 23. Rxc7 f3 24. Ng3 f5 {1-0 Shanava,K-Cheparinov,I EU-ch U10 Verdun 1995 (5)}) ({RR} 10. h3 Qf6 11. Ne3 Be6 12. Ng4 Bxg4 13. hxg4 Nf4 14. g3 Ne6 15. Kg2 Na5 16. Bb3 Nxb3 17. axb3 Qe7 18. Rh1 g5 19. Nd2 Rfd8 20. Qf3 c6 21. Nc4 d5 22. Ne3 dxe4 23. dxe4 Nc5 24. Nf5 Qe6 {½-½ Coluttiis-Ferretti,F (2270) Montecatini Terme op 1995}) 10... Qf6 11. Ne3 Ne7 12. g3 Be6 13. Bb5 c6 14. Ba4 Nc8 15. Bc2 Qe7 16. d4 Nb6 17. Bd3 Qc7 18. Bb2 a5 19. a4 Rfd8 20. Qc2 Nf6 21. c4 Ng4 22. bxa5 Rxa5 23. Bc3 Nxe3 24. fxe3 Ra7 25. Nd2 Nd7 26. d5 Bh3 27. Bf1 Bxf1 28. Rxf1 cxd5 29. cxd5 Rc8 30. Rfc1 Qb6 31. Qd3 Nc5 32. Qc4 Raa8 33. a5 Qd8 34. Qe2 h5 35. h4 Bh6 36. Kf2 Qd7 37. Bb4 Na6 38. Ba3 Rxc1 39. Rxc1 f5 40. exf5 Qxf5+ 41. Kg2 e4 42. Qc4 Bxe3 43. Rf1 Qc8 44. Qxc8+ Rxc8 45. Nxe4 Rc2+ 46. Kh3 Bc5 47. Bxc5 Nxc5 48. Nxd6 Rd2 49. Rf6 Kh7 50. Nxb7 Rxd5 51. a6 Nxb7 52. Rf7+ Kh6 53. axb7 Rb5 54. Kg2 Rb3 55. Kf2 g5 56. hxg5+ Kxg5 57. Ke2 Kg4 58. Rg7+ Kf5 59. Kd2 Ke5 60. Kc2 Rb6 61. Kd3 Rb1 62. Kc4 Kd6 63. Rh7 Rc1+ 64. Kd4 Rd1+ 65. Ke4 Re1+ 66. Kf4 Rb1 67. Rh6+ Ke7 68. Rxh5 Kf6 69. Rh7 Rb4+ 70. Ke3 Kf5 71. Kd3 Ke5 72. Kc3 Rb1 73. Kc4 Kd6 74. g4 Ke6 75. Kc5 Rc1+ 76. Kb6 1-0

[Event "Olympiad Women 2024"]
[Site "Budapest HUN"]
[Date "2024.09.21"]
[Round "10.10"]
[Board "4"]
[White "Sivanandan, Bodhana"]
[Black "Nadirjanova, Nodira"]
[Result "0-1"]
[WhiteElo "2196"]
[BlackElo "2059"]
[PlyCount "144"]
[EventDate "2024.09.11"]
[WhiteTeam "England"]
[BlackTeam "Uzbekistan"]
[WhiteTeamCountry "ENG"]
[BlackTeamCountry "UZB"]

1. e4 c6 2. Nc3 d5 3. Nf3 Bg4 4. h3 Bxf3 5. Qxf3 e6 6. Be2 Nd7 7. O-O Bd6 8. d4 Ne7 ({RR} 8... dxe4 9. Nxe4 Be7 10. c3 Ngf6 11. Nxf6+ Nxf6 12. Bd3 O-O 13. Bd2 h6 14. Rfe1 Qd7 15. g3 Rfd8 16. Kg2 Rac8 17. h4 c5 18. Be3 Nd5 19. Rad1 Nxe3+ 20. fxe3 Bf6 21. h5 b6 22. Qe4 Qc6 23. Kh3 {1-0 Balint,P (2317)-Llari,M (2226) Titled Tue 2nd Jul Early 2024 (6)}) 9. Bf4 Bxf4 10. Qxf4 dxe4 $146 ({RR} 10... O-O 11. Bd3 Ng6 12. Qd6 Nb6 13. Qxd8 Rfxd8 14. Ne2 a5 15. exd5 cxd5 16. a4 Ne7 17. Ra3 Nc4 18. Bxc4 dxc4 19. c3 Rab8 20. b3 Rdc8 21. Rb1 Nd5 22. bxc4 Rxc4 23. Kf1 g5 24. Ke1 b6 25. Kd2 {0-1 Malicka,M (2297)-Grinberg,E (2491) Texas Collegiate Rapid 2023 (5.109)}) 11. Nxe4 O-O 12. c3 a5 13. Rfe1 Nd5 14. Qg3 N7f6 15. Nxf6+ Nxf6 16. Bf3 Qb6 17. b3 Rfd8 18. Rad1 Rd7 19. Rd2 Rad8 20. Rde2 Qa6 21. Re5 Qd3 22. R5e3 Qc2 23. R1e2 Qb1+ 24. Kh2 Nd5 25. Bxd5 cxd5 26. Qe5 Rc8 27. Rg3 g6 28. h4 Qf5 29. Qxf5 exf5 30. Re5 Kf8 31. h5 b5 32. a3 Rd6 33. f4 f6 34. Ree3 g5 35. Ref3 g4 36. Re3 Kf7 37. Kg1 Rdc6 38. Kf2 Rb6 39. Kf1 a4 40. b4 Rcc6 41. Ke2 Re6 42. Kd3 Re4 43. Rxe4 fxe4+ 44. Kd2 f5 45. Ke2 Rh6 46. Kf2 Rxh5 47. Kg1 Rh4 48. Re3 g3 49. Rxg3 Rxf4 50. Rh3 Kg6 51. Rg3+ Rg4 52. Rh3 f4 53. Kf2 h5 54. Rh1 Rg3 55. Rc1 Rd3 56. Rc2 Kg5 57. Ke2 h4 58. Rc1 Kg4 59. Rc2 Kg3 60. Ke1 f3 61. gxf3 exf3 62. Rc1 h3 63. Rc2 h2 64. Rxh2 Kxh2 65. Kf2 Rxc3 66. Kf1 Kg3 67. Ke1 f2+ 68. Ke2 Rc2+ 69. Kf1 Rc1+ 70. Ke2 f1=Q+ 71. Kd2 Qe1+ 72. Kd3 Rc3# 0-1

[Event "Olympiad Women 2024"]
[Site "Budapest HUN"]
[Date "2024.09.21"]
[Round "10.11"]
[Board "1"]
[White "Rogule, Laura"]
[Black "Atalik, Ekaterina"]
[Result "0-1"]
[WhiteElo "2248"]
[BlackElo "2381"]
[PlyCount "144"]
[EventDate "2024.09.11"]
[WhiteTeam "Latvia"]
[BlackTeam "Turkiye"]
[WhiteTeamCountry "LAT"]

1. d4 Nf6 2. c4 g6 3. Nf3 Bg7 4. g3 d5 5. cxd5 Nxd5 6. Bg2 Nb6 7. Nc3 Nc6 8. e3 O-O 9. O-O Re8 10. h3 a5 11. Nh4 $146 ({RR} 11. b3 a4 12. Nxa4 Nxa4 13. bxa4 Na5 14. Ba3 Nc4 15. Bb4 Nb2 16. Qb3 Nxa4 17. Rad1 Be6 18. d5 Bd7 19. Rd2 Qc8 20. h4 h6 21. Rc1 Qb8 22. Nd4 Be5 23. f4 Bd6 24. e4 Qa7 25. Kh2 Qb6 {½-½ Borg,A (2116)-Van Kooten,L (2283) Hoogeveen Essent op 2007 (4)}) ({RR} 11. Qc2 e5 12. Nxe5 Nxe5 13. dxe5 Bxe5 14. e4 Qe7 15. Kh2 Bd7 16. Bh6 Qc5 17. Rac1 Bc6 18. Nd5 Qxc2 19. Rxc2 Bxd5 20. exd5 Bd6 21. Rfc1 Rad8 22. Bg5 Rc8 23. Bf4 Bxf4 24. gxf4 Rcd8 25. Rxc7 Nxd5 {½-½ Giri,A (2727)-Topalov,V (2771) Zug FIDE GP 2013 (1)}) ({RR} 11. d5 Bxc3 12. dxc6 Bf6 13. Nd4 bxc6 14. Nxc6 Qd6 15. Qc2 e5 16. Rd1 Qe6 17. b3 a4 18. Bb2 Bd7 19. Nb4 axb3 20. axb3 Rxa1 21. Rxa1 Qd6 22. Na6 Rc8 23. Ba3 Qe6 24. Nxc7 e4 25. Rd1 Qe5 {1-0 Lazavik,D (2537)-Erigaisi,A (2722) World Blitz 2022 (16.11)}) ({RR} 11. d5 Na7 12. e4 Bd7 13. Bf4 c6 14. Be5 Bh6 15. Qe2 cxd5 16. exd5 Qc8 17. Bd4 Nc4 18. a4 Nd6 19. g4 Qc4 20. Qe5 f6 21. Qg3 b5 22. b3 Qb4 23. Rfb1 Nf7 24. Ne4 Nc8 25. Nc5 Ng5 {1-0 Radjabov,T (2724)-Obodchuk,A (2372) Olympiad-41 Tromsoe 2014 (1.1)}) ({RR} 11. d5 Nb4 12. e4 c6 13. a3 Na6 14. dxc6 Qxd1 15. Rxd1 bxc6 16. Nd4 Bxd4 17. Rxd4 Nc5 18. Rd1 Nb3 19. Rb1 e5 20. f4 Be6 21. fxe5 Nxc1 22. Rbxc1 Rab8 23. Ne2 Nc4 24. Nf4 Nxe5 25. Rc5 Bb3 {1-0 Osnos,V-Lukin,A URS Zenith CC-ch 1975}) 11... e5 12. d5 Nb4 13. e4 c6 14. a3 Na6 15. Qb3 Nc5 16. Qa2 cxd5 17. exd5 a4 18. Be3 Ra5 19. Rad1 e4 20. Bxc5 Rxc5 21. Nxe4 Rc2 22. Rd2 Rxd2 23. Nxd2 Re2 24. Rd1 Bd4 25. Ne4 Rxb2 26. Qa1 Bg7 27. Qc1 Ra2 28. Nc3 Bxc3 29. Qxc3 Qd6 30. Rd3 Bd7 31. Qd4 Rc2 32. Nf3 Nc4 33. Ng5 Bf5 34. Rf3 h6 35. Ne4 Qe5 36. Qxe5 Nxe5 37. Re3 Nc4 38. Nf6+ Kg7 39. Ne8+ Kf8 40. Re1 Rd2 41. g4 Bc2 42. Bf1 Nxa3 43. Nc7 Bb3 44. Re8+ Kg7 45. Rb8 Kf6 46. Rxb7 Ke5 47. Bg2 Nc4 48. Nb5 f5 49. gxf5 gxf5 50. Ra7 Kf4 51. Ra6 Ne5 52. Nc3 Nf3+ 53. Bxf3 Kxf3 54. Nxa4 Bxa4 55. Rxa4 Rd1+ 56. Kh2 Rxd5 57. Ra6 h5 58. Rh6 f4 59. Ra6 Kxf2 60. Rf6 Kf3 61. Rg6 Kf2 62. Rf6 f3 63. Re6 Rd2 64. Re5 h4 65. Re4 Re2 66. Ra4 Ke3+ 67. Kg1 Re1+ 68. Kh2 f2 69. Ra3+ Kd4 70. Ra4+ Ke5 71. Ra5+ Kd6 72. Ra6+ Kc7 0-1

[Event "Olympiad Women 2024"]
[Site "Budapest HUN"]
[Date "2024.09.21"]
[Round "10.11"]
[Board "2"]
[White "Yildiz Kadioglu, Betul Cemre"]
[Black "Berzina, Ilze"]
[Result "0-1"]
[WhiteElo "2314"]
[BlackElo "2200"]
[PlyCount "62"]
[EventDate "2024.09.11"]
[WhiteTeam "Turkiye"]
[BlackTeam "Latvia"]
[BlackTeamCountry "LAT"]

1. e4 e5 2. Nf3 Nc6 3. Bb5 g6 4. c3 Bg7 5. d4 exd4 6. cxd4 a6 7. Bc4 b5 8. Bb3 Na5 9. Bc2 Ne7 ({RR} 9... d5 10. O-O Ne7 11. Nc3 O-O 12. Re1 Bb7 13. e5 Qd7 14. Ng5 Nf5 15. e6 fxe6 16. Nxe6 Rf7 17. Bxf5 Rxf5 18. Nc5 Qf7 19. b4 Nc6 20. Be3 Bc8 21. a3 Bd7 22. Qd2 h5 23. Rac1 Nd8 24. Ne2 {1-0 Valsecchi,A (2483)-Doluhanova,E (2299) III Chess Festival Cesis 2024 (3.1)}) 10. O-O O-O 11. a4 $146 ({RR} 11. Nc3 d6 12. Re1 c5 13. d5 Nc4 14. h3 h6 15. Rb1 f5 16. exf5 Bxf5 17. Ne4 Nb6 18. Nh4 Bc8 19. Ng3 g5 20. Ng6 Nxg6 21. Bxg6 Qf6 22. Qc2 Bb7 23. Nh5 Qd8 24. Bh7+ Kh8 25. Nxg7 Kxg7 {1-0 Naroditsky,D (2621)-Tang,A (2538) Chess.com SIG Bullet KO blitz 2021 (2.7)}) ({RR} 11. Bg5 h6 12. Bh4 d6 13. h3 Bb7 14. Re1 g5 15. Bg3 f5 16. exf5 Nxf5 17. Be4 Bxe4 18. Rxe4 Nc4 19. b3 Nb6 20. Nbd2 Nd5 21. Rc1 c5 22. Nf1 cxd4 23. Qd3 Nc3 24. Rg4 Nxa2 25. Re1 Nb4 {0-1 Tosic,N (2096)-Formento,P (2294) Paracin Summer op 2020 (4)}) ({RR} 11. Nc3 d6 12. b3 Bg4 13. h3 Bxf3 14. gxf3 c5 15. Ne2 Nec6 16. Be3 Qf6 17. e5 dxe5 18. d5 Nd4 19. Bxd4 exd4 20. Ng3 Nb7 21. Bd3 Rac8 22. Rc1 Qg5 23. a4 Nd6 24. axb5 axb5 25. Be4 Be5 {0-1 Zlatanovic,Z (2152)-Biljanic,L (2312) SRB-chT2 East 2009 (11.6)}) 11... Bb7 12. Bd2 Nc4 13. Bc3 f5 14. Re1 fxe4 15. Bxe4 Bxe4 16. Rxe4 Nd5 17. Qb3 Rxf3 18. gxf3 Qg5+ 19. Kf1 Nf4 20. Rxf4 Qxf4 21. axb5 d5 22. Nd2 Rf8 23. Rd1 axb5 24. Qxb5 Nxd2+ 25. Rxd2 Qxf3 26. Bb4 Ra8 27. Ba3 Bh6 28. Qc6 Qh1+ 29. Ke2 Qe4+ 30. Kd1 Re8 31. Bb4 Qb1+ 0-1

[Event "Olympiad Women 2024"]
[Site "Budapest HUN"]
[Date "2024.09.21"]
[Round "10.11"]
[Board "3"]
[White "Ter-Avetisjana, Agnesa Stepania"]
[Black "Ozturk Orenli, Kubra"]
[Result "1/2-1/2"]
[WhiteElo "2134"]
[BlackElo "2262"]
[PlyCount "81"]
[EventDate "2024.09.11"]
[WhiteTeam "Latvia"]
[BlackTeam "Turkiye"]
[WhiteTeamCountry "LAT"]

1. d4 d5 2. c4 e6 3. Nc3 Nf6 4. Nf3 Be7 5. Bf4 O-O 6. e3 c5 7. dxc5 Bxc5 8. cxd5 exd5 9. Be5 ({RR} 9. Rc1 Bb6 10. Bg5 Be6 11. Be2 Nc6 12. O-O a6 13. Na4 Bc7 14. Nc5 Rb8 15. Nxa6 bxa6 16. Rxc6 Rxb2 17. Rxa6 h6 18. Bh4 g5 19. Bg3 Ne4 20. Bd3 Bxg3 21. hxg3 Nc5 22. Rc6 Nxd3 23. Qxd3 Rxa2 {1-0 Horvath,D (2553)-Cafasso,E (2178) ch-AUT Blitz 2024 (5.5)}) 9... Nc6 10. Bd4 Nxd4 11. Nxd4 Ne4 $146 ({RR} 11... Qb6 12. Nb3 Bb4 13. Rc1 Bg4 14. Be2 Bxe2 15. Qxe2 Rac8 16. O-O Bxc3 17. bxc3 Rc4 18. Rc2 Rfc8 19. Rfc1 Qc7 20. Nd2 Rc6 21. Qd3 Re8 22. g3 a6 23. c4 dxc4 24. Rxc4 {½-½ Bourached,A (1933)-Fox,A (2096) Dublin City Masters 2013 (4)}) 12. Be2 Qg5 13. Bf3 Re8 14. O-O Nxc3 15. bxc3 Bb6 16. Qb3 Rd8 17. a4 Bc7 18. Rfd1 a6 19. Ne2 Bg4 20. Bxg4 Qxg4 21. Ra2 Qh5 22. h3 Qe5 23. Kf1 Rac8 24. Rad2 Qh2 25. f4 Re8 26. Kf2 g5 27. Qxd5 h6 28. Qf5 Bb6 29. Rd3 Rc5 30. Qg4 h5 31. Qxh5 gxf4 32. Qg4+ Kf8 33. Nxf4 Rce5 34. Re1 Re4 35. Kf3 Bc7 36. Rd4 R4e5 37. Qh4 Kg8 38. Qg4+ Kf8 39. Qh4 Kg8 40. Qh6 Rf5 41. Qh4 1/2-1/2

[Event "Olympiad Women 2024"]
[Site "Budapest HUN"]
[Date "2024.09.21"]
[Round "10.11"]
[Board "4"]
[White "Aydin, Gulenay"]
[Black "Vidruska, Renate"]
[Result "1-0"]
[WhiteElo "2202"]
[BlackElo "2035"]
[PlyCount "77"]
[EventDate "2024.09.11"]
[WhiteTeam "Turkiye"]
[BlackTeam "Latvia"]
[BlackTeamCountry "LAT"]

1. e4 e5 2. Nf3 Nc6 3. Nc3 Nf6 4. d4 exd4 5. Nxd4 Bb4 6. Nxc6 bxc6 7. Bd3 d5 8. exd5 cxd5 9. O-O O-O 10. h3 c6 11. Qf3 Bd6 12. Re1 Rb8 ({RR} 12... Nd7 13. Bf4 Nc5 14. Rad1 Rb8 15. b3 Qf6 16. Ne2 a5 17. Bxd6 Qxd6 18. c4 Nxd3 19. Qxd3 a4 20. bxa4 Ba6 21. Qc3 Qb4 22. cxd5 Bxe2 23. Qxb4 Rxb4 24. Rxe2 cxd5 25. Rxd5 Rxa4 26. Red2 h5 27. Kf1 {½-½ Nakamura,H (2780)-Anand,V (2754) Bundesliga 2023-24 (10.4)}) 13. b3 Bb4 ({RR} 13... h6 14. Bf4 Rb4 15. Bxd6 Qxd6 16. Qe3 Rb7 17. Na4 Rc7 18. Qc5 Qxc5 19. Nxc5 Re8 20. Rxe8+ Nxe8 21. c4 Nd6 22. cxd5 cxd5 23. b4 a5 24. a3 Kf8 25. Re1 axb4 26. axb4 Bb7 27. f4 Bc6 28. Ra1 {1-0 Eljanov,P (2706)-Finek,V (2436) Titled Tue 26th Mar Early 2024 (11)}) ({RR} 13... Re8 14. Bf4 Be6 15. Ne2 Qc7 16. Rad1 c5 17. c4 Rbd8 18. Bg5 Be5 19. Bxf6 Bxf6 20. Nf4 dxc4 21. Nxe6 fxe6 22. Bxc4 Rxd1 23. Qxd1 Qc6 24. Qg4 Kf7 25. Qh5+ Kg8 26. a4 {1-0 Aydin,G (2152)-Mammadova,G (2350) World Blitz Women 2023 (10.26)}) 14. Bb2 Qd6 $146 ({RR} 14... Be6 15. a3 Ba5 16. b4 c5 17. Na2 Bc7 18. Bxf6 Qxf6 19. Qxf6 gxf6 20. bxc5 Be5 21. Rab1 a5 22. Rb6 d4 23. Nc1 Rxb6 24. cxb6 Rb8 25. Bb5 Rxb6 26. a4 Bd6 27. Ne2 Bc5 28. Ng3 f5 29. Nh5 {0-1 Belenkaya,D (2235)-Santeramo,A (2118) EU-ch (Women) 16th 2015 (11)}) 15. Rad1 Ba5 16. Bf5 Bxf5 17. Qxf5 Rfe8 18. Ne4 Nxe4 19. Rxe4 Rxe4 20. Qxe4 Bc7 21. Qg4 f6 22. g3 Qe7 23. c4 Rd8 24. cxd5 cxd5 25. Bd4 a5 26. Rc1 Be5 27. h4 Re8 28. Rc5 h5 29. Qxh5 Bxg3 30. Qxd5+ Kh7 31. fxg3 Qe1+ 32. Kg2 Re2+ 33. Kh3 Re8 34. Qf3 Rd8 35. Bxf6 Rf8 36. Rh5+ Kg8 37. Qd5+ Rf7 38. Qd8+ Rf8 39. Rh8+ 1-0

[Event "Olympiad Women 2024"]
[Site "Budapest HUN"]
[Date "2024.09.21"]
[Round "10.12"]
[Board "1"]
[White "Alinasab, Mobina"]
[Black "Peng, Zhaoqin"]
[Result "0-1"]
[WhiteElo "2336"]
[BlackElo "2349"]
[PlyCount "138"]
[EventDate "2024.09.11"]
[WhiteTeam "Iran"]
[BlackTeam "Netherlands"]
[WhiteTeamCountry "IRI"]
[BlackTeamCountry "NED"]

1. e4 e6 2. d4 d5 3. Nd2 dxe4 4. Nxe4 Nd7 5. Nf3 Ngf6 6. Bd3 c5 7. Nxf6+ Nxf6 8. dxc5 Bxc5 9. Qe2 O-O 10. Bg5 h6 11. h4 Qa5+ 12. c3 ({RR} 12. Bd2 Qb6 13. O-O-O e5 14. Nxe5 Re8 15. Nc4 Qa6 16. Qf3 Bg4 17. Qg3 Qxa2 18. Bc3 Ne4 19. Bxe4 Rxe4 20. Nd2 Rd4 21. Bxd4 Bxd4 22. Qb3 Qa1+ 23. Nb1 Bxd1 24. Rxd1 Bxf2 25. Rd7 Rf8 26. h5 Qa5 {0-1 Pelletier,Y (2597)-Morozevich,A (2743) Biel GM 2004 (9)}) 12... Ng4 13. Nd4 e5 14. b4 $146 ({RR} 14. Qe4 g6 15. h5 Bxd4 16. hxg6 f5 17. Bc4+ Kg7 18. Bxh6+ Kxg6 19. Qf3 Bxf2+ 20. Ke2 Rh8 21. Bd2 Be6 {0-1 Nepomniachtchi,I (2587)-Drozdovskij,Y (2562) Moscow Aeroflot op-A 2007 (7)}) ({RR} 14. Qe4 g6 15. h5 exd4 16. hxg6 dxc3 17. gxf7+ Rxf7 18. Qg6+ Kf8 19. Bxh6+ Nxh6 20. Qxh6+ Ke8 21. O-O Qb6 22. Qh8+ Kd7 23. Rad1 Kc7 24. Bc4 Bxf2+ 25. Kh1 Qf6 26. Qh2+ Qf4 27. Bxf7 Qxh2+ 28. Kxh2 Bg4 {1-0 Gavilan Diaz,M (2285)-Narciso Dublan,M (2516) Montcada op-A 25th 2017 (2)}) 14... Bxb4 15. Kf1 exd4 16. cxb4 Qe5 17. Qc2 Bd7 18. Bd2 Qf6 19. f3 Rac8 20. Qb2 Rfd8 21. Re1 Ne5 22. Qxd4 Nxd3 23. Qxd3 Be6 24. Qe3 Rc2 25. Bc1 Rxa2 26. h5 Rc8 27. Qf4 Qxf4 28. Bxf4 Rc4 29. Bd6 Rd2 30. Be5 Ra2 31. Bd6 b6 32. Rh2 Rcc2 33. Kg1 Bd5 34. Rf1 Re2 35. g4 Rxh2 36. Bxh2 f6 37. Rf2 Ra3 38. Kg2 Kf7 39. Bd6 Rd3 40. Bb8 a5 41. bxa5 bxa5 42. Bf4 a4 43. Rd2 Bxf3+ 44. Kg3 Rb3 45. Rd7+ Kg8 46. Ra7 Bd1+ 47. Kh4 Rd3 48. Ra8+ Kh7 49. Ra7 a3 50. Bc1 Rd4 51. Bxa3 Rxg4+ 52. Kh3 Rg5 53. Be7 Rxh5+ 54. Kg3 Rg5+ 55. Kh2 Kg8 56. Bd6 Bf3 57. Kh3 Bd5 58. Kh2 Rg2+ 59. Kh3 Rd2 60. Bc5 Rd3+ 61. Kh2 Be4 62. Re7 f5 63. Kg1 h5 64. Kh2 g5 65. Re8+ Kf7 66. Re7+ Kf6 67. Rh7 h4 68. Be7+ Kg6 69. Rh8 Rd1 0-1

[Event "Olympiad Women 2024"]
[Site "Budapest HUN"]
[Date "2024.09.21"]
[Round "10.12"]
[Board "2"]
[White "Van Foreest, Machteld"]
[Black "Karimi, Setayesh"]
[Result "1-0"]
[WhiteElo "2224"]
[BlackElo "2105"]
[PlyCount "63"]
[EventDate "2024.09.11"]
[WhiteTeam "Netherlands"]
[BlackTeam "Iran"]
[WhiteTeamCountry "NED"]
[BlackTeamCountry "IRI"]

1. e4 c5 2. Nf3 d6 3. Nc3 Nf6 4. e5 dxe5 5. Nxe5 Nbd7 6. d4 e6 7. Bb5 a6 8. Bxd7+ Nxd7 9. Qh5 g6 10. Qf3 Qf6 11. Bf4 g5 12. Nxd7 Kxd7 13. Be5 Qxf3 14. gxf3 Rg8 15. Ne4 Kc6 $146 ({RR} 15... Rg6 16. dxc5 Kc6 17. O-O-O f5 18. Rd8 Be7 19. Re8 Kd7 20. Rxe7+ Kxe7 21. Nd6 Bd7 22. Nxb7 Bc6 23. Bd6+ Kf6 24. Na5 Bxf3 25. Re1 Rc8 26. c4 f4 27. b4 Rh6 28. b5 axb5 29. cxb5 Rxh2 30. Be5+ {0-1 Christiansen,J (2495)-Dobrov,V (2515) Wch Blitz Riadh 2017 (19)}) 16. dxc5 f5 17. Nd6 b6 18. O-O-O bxc5 19. h4 g4 20. f4 Be7 21. Rd3 Ra7 22. Rhd1 a5 23. Nc4 Ba6 24. Nxa5+ Kb6 25. Rd7 Rxd7 26. Rxd7 Bxh4 27. Bc7+ Kb5 28. c4+ Kb4 29. Nc6+ Kxc4 30. b3+ Kb5 31. Rd6 c4 32. a4+ 1-0

[Event "Olympiad Women 2024"]
[Site "Budapest HUN"]
[Date "2024.09.21"]
[Round "10.12"]
[Board "3"]
[White "Behzad Nazif, Parva"]
[Black "Bensdorp-De Labaca, Marlies"]
[Result "1-0"]
[WhiteElo "2092"]
[BlackElo "2241"]
[PlyCount "125"]
[EventDate "2024.09.11"]
[WhiteTeam "Iran"]
[BlackTeam "Netherlands"]
[WhiteTeamCountry "IRI"]
[BlackTeamCountry "NED"]

1. d4 d5 2. g3 Nf6 3. Nf3 c5 4. Bg2 cxd4 5. Nxd4 e5 6. Nb3 h6 7. O-O Nc6 8. Nc3 Be6 9. Kh1 ({RR} 9. e4 d4 10. Ne2 Bd6 11. c3 dxc3 12. Nxc3 O-O 13. h3 Rc8 14. Kh2 a6 15. Be3 Qe7 16. Rc1 Rfd8 17. Qe2 Nd4 18. Nxd4 exd4 19. Bxd4 Bxg3+ 20. fxg3 Rxd4 21. e5 Nh7 22. Nd5 Qf8 23. Rxc8 Bxc8 {0-1 Caruana,F (2766)-Carlsen,M (2859) chess.com SpeedChess 2022 (2.34)}) ({RR} 9. f4 exf4 10. Bxf4 Be7 11. e4 dxe4 12. Qxd8+ Rxd8 13. Nxe4 O-O 14. Nec5 Bc8 15. Rfe1 Nd5 16. Bd2 Bf6 17. c3 h5 18. Rad1 h4 19. Bc1 Nb6 20. Bf4 hxg3 21. hxg3 Nc4 22. Rxd8 Rxd8 23. Re2 Rd1+ {½-½ Timerkhanov,A (2308)-Szpar,M (2495) Titled Tue 6th Feb Early 2024 (10)}) 9... d4 $146 ({RR} 9... Be7 10. e4 d4 11. Ne2 O-O 12. f4 Ng4 13. f5 Bxb3 14. axb3 Bg5 15. Bf3 Bxc1 16. Bxg4 Bxb2 17. Rb1 Ba3 18. f6 g6 19. Qd2 Kh7 20. b4 a5 21. bxa5 Qxa5 22. Qxa5 Nxa5 23. Rb5 b6 24. Rxe5 {0-1 Shafigullina,Z (2296)-Kairbekova,A (2065) Speed Chess (Women) Q4 blitz 2020 (3)}) 10. Ne4 Nxe4 11. Bxe4 f5 12. Bg2 Qd7 13. e3 O-O-O 14. exd4 exd4 15. Qf3 g5 16. c3 g4 17. Qd3 dxc3 18. Qxc3 Bg7 19. Qc2 Bd5 20. Bf4 Bxg2+ 21. Kxg2 Qd5+ 22. Kg1 Qd3 23. Rac1 Qxc2 24. Rxc2 Rd5 25. Rfc1 Rhd8 26. Rxc6+ bxc6 27. Rxc6+ Kd7 28. Rc7+ Ke6 29. Rxg7 Rd1+ 30. Kg2 Kf6 31. Rxa7 Re8 32. Bd2 Re2 33. Bc3+ Kg6 34. Rg7+ Kh5 35. Nc5 f4 36. gxf4 g3 37. Nd7 Rd6 38. Kxg3 Ree6 39. Rf7 Rd3+ 40. Kg2 Rg6+ 41. Kf1 Rgd6 42. Ne5 Rd1+ 43. Kg2 Kh4 44. Rf5 Rd8 45. h3 Rg8+ 46. Kh2 Rd3 47. Nf3+ Rxf3 48. Bf6+ Rg5 49. Bxg5+ hxg5 50. Rxg5 Rxf2+ 51. Rg2 Rf3 52. Rg4+ Kh5 53. Kg2 Rd3 54. Rg5+ Kh4 55. Rb5 Rg3+ 56. Kf2 Rxh3 57. a4 Kg4 58. f5 Kg5 59. a5 Rh4 60. b4 Kf4 61. a6 Rh2+ 62. Kg1 Rh6 63. a7 1-0